000 00882cam a2200289 a 4500
999 _c9232
_d9232
003 9232
005 20180529122059.0
007 ta
008 180312s1984 ilua b 001 0 eng
010 _a 83016470
020 _a0673155250 :
_c$13.95
035 _a9232
040 _aDLC
_cDLC
_dDLC
_beng
050 0 0 _aPE1408
_b.P62 1984
082 0 0 _a808/.042
_219
_bPOD 1984
100 1 _aPodis, Leonard A.
245 1 0 _aWriting :
_binvention, form, and style /
_cLeonard A. Podis, JoAnne M. Podis.
260 _aGlenview, Ill. :
_bScott, Foresman,
_cc1984.
300 _axv, 558 p. :
_bill. ;
_c24 cm.
504 _aIncludes bibliographical references and index.
650 0 _aEnglish language
_xRhetoric.
650 0 _aInvention (Rhetoric)
650 0 _aReport writing.
700 1 _aPodis, JoAnne M.
906 _a7
_bcbc
_corignew
_d1
_eocip
_f19
_gy-gencatlg
942 _2ddc
_cBK